Hodnotenie tovaru

Salvato in:
Dettagli Bibliografici
Autore principale: Kováč, Viliam
Ente Autore: Vysoká škola ekonomická v Bratislave. Obchodná fakulta
Altri autori: Lifková, Zdenka, Kollár, Vojtech, Hudák, C.
Natura: Libro
Lingua:slovacco
Pubblicazione: Bratislava Vysoká škola ekonomická 1986
Edizione:1. vyd.
Tags: Aggiungi Tag
Nessun Tag, puoi essere il primo ad aggiungerne!!

MARC

LEADER 00000nam a2200000 4500
001 c024000
005 20230222132533.8
041 0 |a slo 
044 |a SK 
245 1 0 |a Hodnotenie tovaru  |c Viliam Kováč a kol. 
250 |a 1. vyd. 
264 1 |a Bratislava  |b Vysoká škola ekonomická  |c 1986 
300 |a 254 s. 
100 1 |a Kováč, Viliam 
700 1 |a Lifková, Zdenka 
700 1 |a Kollár, Vojtech 
700 1 |a Hudák, C. 
710 2 |a Vysoká škola ekonomická v Bratislave. Obchodná fakulta